header

Hypersonic flow research (Record no. 122437)

MARC details
000 -LEADER
fixed length control field 01720nam a2200373 a 4500
082 04 - DEWEY DECIMAL CLASSIFICATION NUMBER
Classification number 629.13232
245 10 - TITLE STATEMENT
Title Hypersonic flow research
260 ## - PUBLICATION, DISTRIBUTION, ETC. (IMPRINT)
Place of publication New York :
Name of publisher Academic Press,
Year of publication 1962.
300 ## - PHYSICAL DESCRIPTION
Number of Pages x, 758 p. :
Other physical details ill.
490 1# - SERIES STATEMENT
Series statement Progress in astronautics and rocketry ;
500 ## - GENERAL NOTE
General note Sponsored jointly by the Air Force Office of Scientific Research and the American Rocket Society.
650 #0 - SUBJECT ADDED ENTRY--TOPICAL TERM
Topical Term Aerodynamics, Hypersonic
700 1# - ADDED ENTRY--PERSONAL NAME
Personal name Riddell, Frederick R.
856 40 - ELECTRONIC LOCATION AND ACCESS
Uniform Resource Identifier http://site.ebrary.com/lib/rucke/Doc?id=10516465

No items available.

© 2026 Rongo University
Contact us: librarian | system librarian | Rongo university